000 01464cam a2200349 a 4500
001 13624408
003 NUST-PNEC
005 20170114142530.0
008 040615s2005 njua b 001 0 eng
010 _a 2004555118
020 _a0471272140 (acidfree paper)
020 _a0471452599 (WIE : acidfree paper)
040 _cPNEC
050 0 0 _aQA273
_b.Y384 2005
082 0 4 _a519.2 YAT
100 1 _aYates, Roy D.
245 1 0 _aProbability and stochastic processes :
_ba friendly introduction for electrical and computer engineers /
_cRoy D. Yates, David J. Goodman.
250 _a2nd ed.
260 _aHoboken, NJ :
_bJohn Wiley & Sons,
_cc2005.
300 _axvii, 519 p. :
_bill. ;
_c29 cm.
500 _aIncludes Index
504 _aIncludes bibliographical references (p. 511-512) and index.
650 0 _aProbabilities.
_xMIS
650 0 _aStochastic processes.
_xME, MS CONT
700 1 _aGoodman, David J.,
_d1939-
856 4 2 _3Contributor biographical information
_uhttp://www.loc.gov/catdir/bios/wiley047/2004555118.html
856 4 1 _3Table of contents
_uhttp://www.loc.gov/catdir/toc/wiley041/2004555118.html
856 4 2 _3Publisher description
_uhttp://www.loc.gov/catdir/description/wiley041/2004555118.html
906 _a7
_bcbc
_corigcop
_d2
_encip
_f20
_gy-gencatlg
942 _2ddc
_cBK
999 _c60092
_d60092